El mundo indígena 2012 / (Registro nro. 15528)
[ vista simple ]
| 000 -LEADER | |
|---|---|
| fixed length control field | 01785nam a22002657a 4500 |
| 003 - CONTROL NUMBER IDENTIFIER | |
| control field | OSt |
| 005 - DATE AND TIME OF LATEST TRANSACTION | |
| control field | 20210407111619.0 |
| 008 - FIXED-LENGTH DATA ELEMENTS--GENERAL INFORMATION | |
| fixed length control field | 210407s2012 pe ab||gr|||| 00| 0 spa d |
| 020 ## - INTERNATIONAL STANDARD BOOK NUMBER | |
| International Standard Book Number | 9788792786173 |
| 040 ## - CATALOGING SOURCE | |
| Original cataloging agency | CO-JMCR |
| Transcribing agency | CO-JMCR |
| 041 0# - LANGUAGE CODE | |
| Language code of text/sound track or separate title | spa |
| 082 04 - DEWEY DECIMAL CLASSIFICATION NUMBER | |
| Classification number | 305.8 / |
| Item number | M636m |
| Edition number | 23 |
| 100 1# - MAIN ENTRY--PERSONAL NAME | |
| Personal name | Mikkelsen, Cacilie, |
| Relator term | compiladora |
| 9 (RLIN) | 36680 |
| 245 13 - TITLE STATEMENT | |
| Title | El mundo indígena 2012 / |
| Statement of responsibility, etc. | Compilación y edición, Cacilie Mikkelsen |
| 260 ## - PUBLICATION, DISTRIBUTION, ETC. | |
| Place of publication, distribution, etc. | Copenhague : |
| Name of publisher, distributor, etc. | IWGIA, |
| Date of publication, distribution, etc. | 2012 |
| 300 ## - PHYSICAL DESCRIPTION | |
| Extent | 581 páginas ; |
| Other physical details | ilustraciones y mapas a blanco y negro ; |
| Dimensions | 21 cm. |
| 500 ## - GENERAL NOTE | |
| General note | Incluye notas a pie de página. |
| 505 0# - FORMATTED CONTENTS NOTE | |
| Formatted contents note | Informe por regiones y países -- Procesos internacionales |
| 520 3# - SUMMARY, ETC. | |
| Summary, etc. | Este anuario es una actualización exhaustiva de la situación actual de los pueblos indígenas y de sus derechos humanos, y brinda un panorama de los acontecimientos más importantes ocurridos en los procesos internacionales y regionales durante 2011. En 73 artículos, académicos y activistas indígenas y no indígenas contribuyen con su visión y conocimiento a este libro a través de informes por países que cubren la mayor parte del mundo indígena y información actualizada sobre los procesos internacionales y regionales relacionados con los pueblos indígenas. El Mundo Indígena 2012 es una fuente de información esencial y una herramienta indispensable para aquellos que necesitan estar informados sobre temas y acontecimientos más recientes que han impactado sobre los pueblos indígenas en el mundo entero. |
| 650 14 - SUBJECT ADDED ENTRY--TOPICAL TERM | |
| Topical term or geographic name entry element | Culturas indígenas |
| 9 (RLIN) | 2974 |
| 650 24 - SUBJECT ADDED ENTRY--TOPICAL TERM | |
| Topical term or geographic name entry element | Comunidades indígenas |
| General subdivision | Condiciones económicas |
| 9 (RLIN) | 36681 |
| 650 24 - SUBJECT ADDED ENTRY--TOPICAL TERM | |
| Topical term or geographic name entry element | Comunidades indígenas |
| General subdivision | Condiciones sociales |
| 9 (RLIN) | 36682 |
| 650 24 - SUBJECT ADDED ENTRY--TOPICAL TERM | |
| Topical term or geographic name entry element | Comunidades indígenas |
| General subdivision | Aspectos políticos |
| 9 (RLIN) | 36683 |
| 942 ## - ADDED ENTRY ELEMENTS (KOHA) | |
| Source of classification or shelving scheme | Dewey Decimal Classification |
| Koha item type | Books |
| Withdrawn status | Lost status | Source of classification or shelving scheme | Damaged status | Not for loan | Collection code | Home library | Current library | Date acquired | Source of acquisition | Total Checkouts | Full call number | Barcode | Date last seen | Date last checked out | Copy number | Price effective from | Koha item type |
|---|---|---|---|---|---|---|---|---|---|---|---|---|---|---|---|---|---|
| Dewey Decimal Classification | Non-fiction | Biblioteca Pública José María del Castillo y Rada | Biblioteca Pública José María del Castillo y Rada | 10/02/2020 | Donación | 4 | 305.8 / M636m | 201811025 | 08/08/2025 | 08/06/2025 | Ej.1 | 04/07/2021 | Books |